000
00330nam a2200133Ia 4500
008
210210b1969 xxu||||| |||| 00| 0 eng d
082
_a
155.2 OBRC
100
_a
O'BRIEN (John A).
245
_a
Character formation.
260
_a
Allahabad
_b
St. Paul Publications.
_c
1969
300
_a
72
690
_a
Psychology
906
_a
029148
999
_c
80374
_d
80374